| 000 | 00668cam a2200205 4500 | ||
|---|---|---|---|
| 001 | WB3633-17 | ||
| 008 | 000000n2000 000 0 eng u | ||
| 035 | _a(Sirsi) u107979 | ||
| 245 | _aHalf a million more homes | ||
| 260 | _c2000 | ||
| 490 |
_aDaily Telegraph _v 24 August 2000, 9(1) |
||
| 520 | _aA Joseph Rowntree Foundation report predicts that instead of the government forecast of 3.8m new homes needed by 2024, the actual figure is more likely to be 4.3m. | ||
| 590 | _aWB | ||
| 650 | _aNEW HOUSING | ||
| 650 | _aFORECASTS | ||
| 650 | _aJOSEPH ROWNTREE FOUNDATION | ||
| 650 | _aHOUSEHOLD PROJECTIONS | ||
| 690 | _aHOUSING-DEVELOPMENT | ||
| 942 | _n0 | ||
| 999 |
_c64508 _d64508 |
||